000 01159cab a2200337 4500
001 ABS59070
008 090401t1998 xxu||||| |||| 00| 0 eng d
035 _a(Sirsi) u87412
041 _aeng
100 _aWatson, S.
245 _aHealth and Safety implications for let farms/agricultural holdings
260 _c1998
350 _a0
490 _aRural Property Bulletin
_vMay/June 1998, 25-26(2)
520 _aConsiders the extent and nature of the Health and Safety responsibilities of a landlord of agricultural holdings. Looks at the provisions of the principal legislation, the Health and Safety at Work etc Act 1974.
650 _aPROPERTY-LANDLORD AND TENANT-TENANCIES-AGRICULTURAL TENANCIES
650 _aCONTRACT AGREEMENTS
650 _aHEALTH AND SAFETY AT WORK ETC ACT 1974
650 _aHSE
650 _aINSURANCE COVER
650 _aLET FARMS
650 _aNOTICES
650 _aREPAIR
650 _aRISKS FROM PLANT
650 _aRISKS FROM SUBSTANCES
650 _aSITE INSPECTIONS
650 _aTENANCY AGREEMENTS
690 _aLANDLORD AND TENANT-AGRICULTURAL TENANCIES
942 _n0
948 _c15/07/1998
999 _c55123
_d55123